CM Punk's WrestleMania Opponents - Statistics

General Stats
  • This quiz has been taken 382 times
    18 since last reset
  • The average score is 19 of 28
Answer Stats
WrestleMania Opponent % Correct
WrestleMania 41 Roman Reigns
100%
WrestleMania 42 Roman Reigns
100%
WrestleMania 29 The Undertaker
100%
WrestleMania 41 Seth Rollins
93%
WrestleMania 23* Booker T
86%
WrestleMania 23* Jeff Hardy
86%
WrestleMania 23* Matt Hardy
79%
WrestleMania 23* Randy Orton
79%
WrestleMania XXVII Randy Orton
79%
WrestleMania XXIV* Chris Jericho
71%
WrestleMania XXVIII Chris Jericho
71%
WrestleMania 23* Edge
71%
WrestleMania 25* Kofi Kingston
71%
WrestleMania XXVI Rey Mysterio
71%
WrestleMania 25* Kane
64%
WrestleMania 23* MVP
64%
WrestleMania XXIV* MVP
64%
WrestleMania 25* MVP
64%
WrestleMania XXIV* Shelton Benjamin
64%
WrestleMania 25* Shelton Benjamin
64%
WrestleMania 23* Finlay
57%
WrestleMania 25* Finlay
57%
WrestleMania 23* Mr. Kennedy
57%
WrestleMania XXIV* Mr. Kennedy
57%
WrestleMania 25* Christian
50%
WrestleMania XXIV* John Morrison
43%
WrestleMania 25* Mark Henry
43%
WrestleMania XXIV* Carlito
36%
No matching quizzes found
Score Distribution
Percent of People with Each Score
Percentile by Number Answered
Your Score History
You have not taken this quiz since the last reset